Rozpoznaj postacie League of Legends po zdjęciu [poziom ekspert] - Statystyki

Ogólne statystyki
  • Ten quiz został rozwiązany 98 razy
  • Średni wynik to 19 z 20
Statystyki odpowiedzi
Obrazkowy Odpowiedź % Poprawnych
Yorick
99%
Galio
98%
Nocturne
98%
Bard
96%
Viktor
95%
Bel veth
94%
K Sante
94%
Lillia
94%
Maokai
94%
Orianna
94%
Xayah
94%
Ivern
93%
Janna
93%
Malzahar
93%
Zilean
93%
Kalista
91%
Renata Glasc
91%
Nilah
90%
Fiddlesticks
85%
Taliyah
85%
Nie znaleziono quizów pasujących do podanych kryteriów
Rozkład punktacji
Procent ludzi z każdym wynikiem
Percentyl według liczby udzielonych odpowiedzi
Twoja historia wyników
Nie rozwiązałeś tego quizu